| 000 | 01532nam a22002297a 4500 | ||
|---|---|---|---|
| 999 |
_c56848 _d56848 |
||
| 003 | Ge_BSU | ||
| 005 | 20210421182209.0 | ||
| 008 | 190513b2019 ge ||||| |||| 00| 0 geo d | ||
| 020 | _a9789941462924 | ||
| 041 | _ageo | ||
| 080 | _a811.161.1(072) +373.3(072) კ-25 | ||
| 100 |
_aკარანაძე , ირმა. _91075 |
||
| 245 |
_aმეთოდური რეკომენდაციები : _cირმა კარანაძე, სარედ . ჯგუფი : ჟალე მამუჭაძე, ირმა შარაძე, ლალი მსხილაძე. _b(დამხმარე კრებული რუსული ენის პედაგოგებისათვის) / |
||
| 264 |
_aბათუმი : _bშოთა რუსთაველის უნ-ტის გამ-ბა, _c2019. |
||
| 300 |
_a63 გვ .; _c20 სმ. |
||
| 653 | _aმეთოდური რეკომენდაციები : (დამხმარე კრებული რუსული ენის პედაგოგებისათვის) | ||
| 653 | _aრუსული ენის სწავლება | ||
| 700 |
_aმამუჭაძე, ჟალე _eსარედაქციო ჯგუფი _91076 |
||
| 700 |
_aშარაძე, ირმა _eსარედაქციო ჯგუფი _91077 |
||
| 700 |
_aმსხილაძე , ლალი _eსარედაქციო ჯგუფი _91078 |
||
| 942 |
_2udc _cBK |
||